Những văn bản hướng dẫn mới về quản lý tài chính trong doanh nghiệp nhà nước /

Đã lưu trong:
Sonraí Bibleagrafaíochta
Príomhúdar: Không rõ
Formáid: Leabhar
Teanga:Vietnamese
Foilsithe: Lao Động 2000
Clibeanna: Cuir Clib Leis
Gan Chlibeanna, Bí ar an gcéad duine leis an taifead seo a chlibeáil!
Thư viện lưu trữ: Mạng thư viện Đại học Đà Nẵng
LEADER 00705nam a2200265 4500
001 000028413
003 VĂ-BQ
005 20150403120000.0
008 150403s vm 000 vie
020 |c 0,0000 
040 |a notts 
100 |a Không rõ 
245 |a Những văn bản hướng dẫn mới về quản lý tài chính trong doanh nghiệp nhà nước /  |c Phan Quang (Sưu tầm, tuyển chọn) 
260 |b Lao Động  |c 2000 
OWN |a LTT 
999 |a From the UDN01 
TYP |a Monograph 
TYP |a Printed language 
980 |a Mạng thư viện Đại học Đà Nẵng